Les Bronzés - Associez les personnages de la saga aux acteurs - Statistiques

Statistiques générales
  • Ce quiz a été pris 143 fois
  • Le résultat moyen est 10 sur 20
Statistiques - réponses
Hint Réponse % Correct
Jean-Claude Dusse Michel Blanc
99%
Gisèle André (ex Tarayre) dite « Gigi » Marie-Anne Chazel
88%
Robert Lespinasse dit « Popeye » Thierry Lhermitte
87%
Nathalie Morin Josiane Balasko
77%
Christiane dite « La folle » Dominique Lavanant
74%
Jerôme Tarayre Christian Clavier
69%
Bernard Morin Gérard Jugnot
68%
Benjamin Morin Arthur Jugnot
52%
Helena Caterina Murino
51%
Mme Franken, la dame au chien Doris Kunstmann
50%
Graziella Lespinasse Ornella Muti
47%
Georges Pelletier dit « Bobo » Luis Rego
44%
L'homme en slip noir puis Gilbert Seldman puis Jambier Bruno Moynot
41%
André Bourseault, animateur surnommé « bip bip » Michel Creton
34%
Marius Maurice Chevit
32%
L'homme qui fait du ski nautique puis le précèdent locataire Michel Such
28%
Le moniteur de ski (lui-même) Fernand Bonnevie
23%
Miguel Weissmuller Martin Lamotte
23%
M. Camus Roland Giraud
23%
Marcus, le chef de village puis le cousin Guy Laporte
19%
Aucun quiz correspondant
Distribution des résultats
% des personnes avec chaque résultat
Percentile par nombre de réponses
Votre historique - résultats
Vous n’avez pas pris ce quiz